Province della Lombardia (con mappa) - Statistics

Statistiche generali
  • Questo quiz è stato fatto 12.649 volte
    12.096 dall'ultimo reset
  • Il punteggio medio è 11 su 13
Risposte nella Mappa
Le risposte nella mappa del quiz sottostante sono codificate secondo una scala di colori dal rosso al verde in base alla % di persone che hanno risposto correttamente.
 
Statistiche sulle risposte
Provincia % Corretto
Milano
99%
Milano
99%
Bergamo
92%
Como
90%
Brescia
89%
Monza e Brianza
87%
Lecco
80%
Cremona
79%
Mantova
79%
Varese
76%
Lodi
75%
Pavia
75%
Sondrio
74%
Nessun quiz corrispondente trovato
Distribuzione punteggi
Percentuale di utenti per punteggio
Percentile per numero di risposta
I tuoi punteggi nel tempo
Non hai fatto questo quiz dall'ultimo reset